<?xml version="1.0" encoding="UTF-8"?>
<record
    xmlns:xsi="http://www.w3.org/2001/XMLSchema-instance"
    xsi:schemaLocation="http://www.loc.gov/MARC21/slim http://www.loc.gov/standards/marcxml/schema/MARC21slim.xsd"
    xmlns="http://www.loc.gov/MARC21/slim">

  <leader>01265nam a22002777a 4500</leader>
  <controlfield tag="001">BRCA_9349</controlfield>
  <controlfield tag="003">FranzMayer</controlfield>
  <controlfield tag="005">20230913114616.0</controlfield>
  <controlfield tag="008">230908b        |||||||| |||| 00| 0 eng d</controlfield>
  <datafield tag="020" ind1=" " ind2=" ">
    <subfield code="a">9788491564218</subfield>
  </datafield>
  <datafield tag="040" ind1=" " ind2=" ">
    <subfield code="a">MFM</subfield>
    <subfield code="b">ESPA&#xD1;OL</subfield>
    <subfield code="c">MFM</subfield>
  </datafield>
  <datafield tag="050" ind1=" " ind2="0">
    <subfield code="a">NK2215</subfield>
    <subfield code="b">M87 2022</subfield>
  </datafield>
  <datafield tag="110" ind1="1" ind2=" ">
    <subfield code="4">Responsable</subfield>
    <subfield code="a">Museu del Disseny de Barcelona</subfield>
    <subfield code="9">29743</subfield>
  </datafield>
  <datafield tag="240" ind1=" " ind2=" ">
    <subfield code="a">El moble, tamb&#xE9; q&#xFC;esti&#xF3; de dones.</subfield>
    <subfield code="h">El mueble, tambi&#xE9;n cuesti&#xF3;n de mujeres</subfield>
    <subfield code="l">Catal&#xE1;n/Espa&#xF1;ol</subfield>
  </datafield>
  <datafield tag="245" ind1="0" ind2=" ">
    <subfield code="a">El moble, tamb&#xE9; q&#xFC;esti&#xF3; de dones.</subfield>
    <subfield code="b">El mueble, tambi&#xE9;n cuesti&#xF3;n de mujeres</subfield>
  </datafield>
  <datafield tag="260" ind1=" " ind2=" ">
    <subfield code="a">Barcelona, Espa&#xF1;a</subfield>
    <subfield code="b">Museu del Disseny de Barcelona</subfield>
    <subfield code="c">2022</subfield>
  </datafield>
  <datafield tag="300" ind1=" " ind2=" ">
    <subfield code="a">204 p</subfield>
    <subfield code="b">Ilustraciones a color</subfield>
    <subfield code="c">30 cm</subfield>
  </datafield>
  <datafield tag="500" ind1=" " ind2=" ">
    <subfield code="a">Contiene una dedicatoria a la biblioteca del Museo Franz Mayer</subfield>
  </datafield>
  <datafield tag="500" ind1=" " ind2=" ">
    <subfield code="a">L60/N6</subfield>
  </datafield>
  <datafield tag="505" ind1=" " ind2=" ">
    <subfield code="a">Texto en: espa&#xF1;ol y catal&#xE1;nIncluye &#xED;ndice tem&#xE1;ticoIncluye bibliograf&#xED;aDirigido a: artistas, dise&#xF1;adores, historiadores de arte o personas con inter&#xE9;s en el papel de la mujer en el arte.</subfield>
  </datafield>
  <datafield tag="650" ind1="1" ind2=" ">
    <subfield code="2">Artes dcorativas</subfield>
    <subfield code="a">Ornamentaci&#xF3;n</subfield>
    <subfield code="v">Muebles</subfield>
    <subfield code="9">29744</subfield>
  </datafield>
  <datafield tag="651" ind1="2" ind2=" ">
    <subfield code="2">Construcci&#xF3;n de muebles</subfield>
    <subfield code="a">Mujeres</subfield>
    <subfield code="v">Mujeres en el arte</subfield>
    <subfield code="9">29745</subfield>
  </datafield>
  <datafield tag="700" ind1="1" ind2=" ">
    <subfield code="4">Direc</subfield>
    <subfield code="a">Gil Farr&#xE9;, N&#xFA;ria</subfield>
    <subfield code="9">29746</subfield>
  </datafield>
  <datafield tag="700" ind1="1" ind2=" ">
    <subfield code="4">Coord</subfield>
    <subfield code="a">Olivera, Silvia Mateos</subfield>
    <subfield code="9">29747</subfield>
  </datafield>
  <datafield tag="942" ind1=" " ind2=" ">
    <subfield code="2">lcc</subfield>
    <subfield code="c">B</subfield>
  </datafield>
  <datafield tag="999" ind1=" " ind2=" ">
    <subfield code="c">11061</subfield>
    <subfield code="d">11061</subfield>
  </datafield>
  <datafield tag="952" ind1=" " ind2=" ">
    <subfield code="0">0</subfield>
    <subfield code="1">0</subfield>
    <subfield code="2">lcc</subfield>
    <subfield code="4">0</subfield>
    <subfield code="7">0</subfield>
    <subfield code="8">FCON</subfield>
    <subfield code="a">BRCA</subfield>
    <subfield code="b">BRCA</subfield>
    <subfield code="d">2023-09-08</subfield>
    <subfield code="l">0</subfield>
    <subfield code="o">NK2215 M87 2022</subfield>
    <subfield code="p">CONT10216</subfield>
    <subfield code="r">2023-09-08 00:00:00</subfield>
    <subfield code="w">2023-09-08</subfield>
    <subfield code="y">B</subfield>
  </datafield>
</record>
